Flora of Saudi Arabia /

محفوظ في:

المؤلف الرئيسي: Migahid, Ahmed Mohammed.

التنسيق: كتاب

اللغة: English

منشور في: Riyadh, Saudi Arabia : University Libraries, King Saud University, 1996.

الطبعة: 4th ed., rev. and illustrated.

الموضوعات:

الوسوم: إضافة وسم

لا توجد وسوم, كن أول من يضع وسما على هذه التسجيلة!

رقم الطلب: QK353 .M53 1996 v.1-3

LEADER 00945nam a22002177a 4500
003 OSt
005 20251117105401.0
008 251117m1996 su a 001 0 eng d
040 |c ARCE Library 
050 1 4 |a QK353  |b .M53 1996 v.1-3 
100 1 |a Migahid, Ahmed Mohammed. 
245 1 0 |a Flora of Saudi Arabia /   |c Ahmad Mohammad Migahid. 
250 |a 4th ed., rev. and illustrated. 
264 1 |a Riyadh, Saudi Arabia :  |b University Libraries, King Saud University,  |c 1996. 
300 |a 3 volumes :   |b illustrations (some color) ;   |c 29 cm. 
500 |a Vols. 1-3 contain "Vernacular Names (Latin - Arabic)" lists and vol. 3 contains English-Arabic glossary (p. 120-145). 
505 0 |a v. 1. Cryptogams and dicotyledons, Equisetaceae to Neuradaceae -- v. 2. Dicotyledons, Leguminosae to Compositae -- v. 3. Monocotyledons, Hydrocharitaceae to Orchidaceae. 
650 0 |a Botany -- Saudi Arabia. 
901 |a reviewed 
942 |2 lcc  |c BK 
999 |c 48696  |d 48696